Austro-Hungarica : (Titelsatznr. 4670)
[ MARC ]
| 000 -Satzkennung | |
|---|---|
| Kontrollfeld mit fester Länge | 00618nam a22001811c 4500 |
| 001 - Kontrollnummer | |
| Kontrollfeld | 021748888 |
| 008 - Feld mit fester Länge zur physischen Beschreibung - Allgemeine Angaben | |
| Kontrollfeld mit fester Länge | 051024s1963 gw |||| 000u ger d |
| 041 ## - Sprachcode | |
| Sprachcode des Textes/der Tonspur oder des separaten Titels | ger |
| 040 ## - Katalogisierungsquelle | |
| Übertragungsstelle | RU-10907106 |
| 003 - Kontrollnummer Identifier | |
| Kontrollfeld | RU-10907106 |
| 100 1# - Haupteintragung - Personenname | |
| Personenname | Steinacker, Harold |
| 245 00 - Titel | |
| Titel | Austro-Hungarica : |
| Zusatz zum Titel | ausgewählte Aufsätze und Vorträge zur Geschichte Ungarns und der österreichisch-ungarischen Monarchie / |
| Verfasserangabe etc. | Harold Steinacker |
| 264 ## - Produktion, Veröffentlichung, Distribution, Herstellung und Urheberrechtsvermerk | |
| Herstellungs-, Veröffentlichungs- Vertriebs-, Erzeugungsort | München : |
| Produzent, Herausgeber, Distributor, Hersteller | Oldenbourg, |
| Datum der Herstellung, der Veröffentlichung, des Vertriebs oder des Urheberschutzvermerks | 1963 |
| 300 ## - Physische Beschreibung | |
| Umfang | XIII, 362 S. ; 26 cm + Faltkt |
| 490 #0 - Gesamttitelangabe | |
| Gesamttitelangabe | Buchreihe der Südostdeutschen Historischen Kommission |
| Bandnummer/Folgebezeichnung | 8 |
| 650 #0 - Nebeneintragung unter einem Schlagwort - Sachschlagwort | |
| Sachschlagwort oder geografischer Name als Eintragungselement | Ungarn <1700-1914> |
| 942 ## - Zusätzliche Felder (Koha) | |
| Koha-Medientyp | Monographien |
| Ausgeschieden | Verloren | Klassifikation oder Aufstellungssystematik | Beschädigt | Nicht entleihbar | Heimatbibliothek | Aufenthaltsbibliothek | Aufstellungsort | Erwerbungsdatum | Inventarnummer | Signatur | Barcode | Letzte Aktivität | Preis gültig von | Koha-Medientyp |
|---|---|---|---|---|---|---|---|---|---|---|---|---|---|---|
| Andere/Generische Klassifikation | MWN Osteuropa | MWN Osteuropa | Lesesaal - 1 | 24/10/2005 | 05-08259 | W 50 F b Ste | E004015078F6DB14 | 22/02/2021 | 22/03/2021 | Monographien |